<?xml version="1.0" encoding="UTF-8"?>
<record
    xmlns:xsi="http://www.w3.org/2001/XMLSchema-instance"
    xsi:schemaLocation="http://www.loc.gov/MARC21/slim http://www.loc.gov/standards/marcxml/schema/MARC21slim.xsd"
    xmlns="http://www.loc.gov/MARC21/slim">

  <leader>01565nam a22003017a 4500</leader>
  <controlfield tag="003">OSt</controlfield>
  <controlfield tag="005">20230608075901.0</controlfield>
  <controlfield tag="008">221006b        |||||||| |||| 00| 0 eng d</controlfield>
  <datafield tag="040" ind1=" " ind2=" ">
    <subfield code="c">Biblioteca Lado V</subfield>
  </datafield>
  <datafield tag="082" ind1=" " ind2=" ">
    <subfield code="a">105</subfield>
    <subfield code="b">P919p</subfield>
  </datafield>
  <datafield tag="130" ind1=" " ind2=" ">
    <subfield code="a">Praxis</subfield>
    <subfield code="l">spa</subfield>
  </datafield>
  <datafield tag="245" ind1=" " ind2=" ">
    <subfield code="a">Praxis/</subfield>
    <subfield code="b">Departamento de Filosof&#xED;a/</subfield>
  </datafield>
  <datafield tag="260" ind1=" " ind2=" ">
    <subfield code="a">Universidad Nacional Costa Rica</subfield>
    <subfield code="c">2005</subfield>
    <subfield code="b">Costa Rica</subfield>
  </datafield>
  <datafield tag="300" ind1=" " ind2=" ">
    <subfield code="c">17x24cm</subfield>
    <subfield code="a">178p.</subfield>
  </datafield>
  <datafield tag="366" ind1=" " ind2=" ">
    <subfield code="e">spa</subfield>
  </datafield>
  <datafield tag="490" ind1=" " ind2=" ">
    <subfield code="a">57</subfield>
    <subfield code="v">2005</subfield>
    <subfield code="x">1409 3090</subfield>
  </datafield>
  <datafield tag="505" ind1=" " ind2=" ">
    <subfield code="t">Presentacion</subfield>
  </datafield>
  <datafield tag="505" ind1=" " ind2=" ">
    <subfield code="t">Filosofia</subfield>
    <subfield code="a">Est&#xE9;tica de la armon&#xED;a en Platon

T&#xE9;cnica y humanismo en Heidegger</subfield>
  </datafield>
  <datafield tag="505" ind1=" " ind2=" ">
    <subfield code="t">Antropolog&#xED;a, Cultura, Socioling&#xFC;&#xED;stica </subfield>
    <subfield code="a">La estructura cultural ind&#xED;gena en Talamanca

Migraci&#xF3;n, aculturamiento y sustituci&#xF3;n ling&#xFC;&#xED;stica entre la comunidad criolla de Costa Rica

Espacio y tiempo en las sociedades globales seg&#xFA;n Manuel Castells
</subfield>
  </datafield>
  <datafield tag="505" ind1=" " ind2=" ">
    <subfield code="t">Historia</subfield>
    <subfield code="a">Ritos escolares y s&#xED;mbolos nacionales en la fiesta de la independencia de C.R.

La moral sin religi&#xF3;n. El descreimiento en el San Jose de 1904 y un texto de 1906 de Roberto Brenes</subfield>
  </datafield>
  <datafield tag="505" ind1=" " ind2=" ">
    <subfield code="t">Genero</subfield>
    <subfield code="a">Rosa: un caso legitima resistencia a la discriminacion de genero en la Nicaragua del siglo XXI</subfield>
  </datafield>
  <datafield tag="650" ind1=" " ind2=" ">
    <subfield code="2">Tesauro de Arte &amp; Arquitectura</subfield>
    <subfield code="a">FILOSOFIA</subfield>
    <subfield code="9">703</subfield>
  </datafield>
  <datafield tag="650" ind1=" " ind2=" ">
    <subfield code="2">Tesauro de Arte &amp; Arquitectura</subfield>
    <subfield code="a">EDUCACION UNIVERSITARIA</subfield>
    <subfield code="9">702</subfield>
  </datafield>
  <datafield tag="650" ind1=" " ind2=" ">
    <subfield code="2">Tesauro de Arte &amp; Arquitectura</subfield>
    <subfield code="a">GLOBALIZACION </subfield>
    <subfield code="9">702</subfield>
  </datafield>
  <datafield tag="650" ind1=" " ind2=" ">
    <subfield code="2">Tesauro de Arte &amp; Arquitectura</subfield>
    <subfield code="a">INVESTIGACION</subfield>
  </datafield>
  <datafield tag="700" ind1=" " ind2=" ">
    <subfield code="a">Navarreta, Jose Antonio</subfield>
    <subfield code="e">editor</subfield>
  </datafield>
  <datafield tag="942" ind1=" " ind2=" ">
    <subfield code="2">ddc</subfield>
    <subfield code="c">1</subfield>
    <subfield code="h">105</subfield>
    <subfield code="i">P919p</subfield>
    <subfield code="n">0</subfield>
  </datafield>
  <datafield tag="999" ind1=" " ind2=" ">
    <subfield code="c">3813</subfield>
    <subfield code="d">3813</subfield>
  </datafield>
  <datafield tag="952" ind1=" " ind2=" ">
    <subfield code="0">0</subfield>
    <subfield code="1">0</subfield>
    <subfield code="2">ddc</subfield>
    <subfield code="3">2005</subfield>
    <subfield code="4">0</subfield>
    <subfield code="7">0</subfield>
    <subfield code="8">Revistas</subfield>
    <subfield code="a">LV</subfield>
    <subfield code="b">LV</subfield>
    <subfield code="d">2023-06-07</subfield>
    <subfield code="h">57</subfield>
    <subfield code="i">003462</subfield>
    <subfield code="l">0</subfield>
    <subfield code="o">105 P919p</subfield>
    <subfield code="p">003462</subfield>
    <subfield code="r">2023-06-07 00:00:00</subfield>
    <subfield code="w">2023-06-07</subfield>
    <subfield code="y">1</subfield>
  </datafield>
</record>
